An ounce of prevention : marketing, sales, and advertising law for non-lawyers /
Advertising. Sales people. Legal restrictions on marketing. Customer relations. Especially for marketing executives.
Gorde:
| Egile nagusia: | |
|---|---|
| Formatua: | Liburua |
| Hizkuntza: | English |
| Argitaratua: |
Detroit :
Visible Ink,
1994.
|
| Gaiak: | |
| Etiketak: |
Etiketa erantsi
Etiketarik gabe, Izan zaitez lehena erregistro honi etiketa jartzen!
|
| Thư viện lưu trữ: | Mạng thư viện Đại học Đà Nẵng |
|---|
| LEADER | 01280cam a2200409 i 4500 | ||
|---|---|---|---|
| 001 | 000049100 | ||
| 003 | 8829 | ||
| 005 | 20030304162330.0 | ||
| 008 | 010316|1994 vm 000 eng | ||
| 020 | |a 0810393832 | ||
| 040 | |a IRC |c IRC |d IRC | ||
| 041 | 0 | |a eng | |
| 082 | 1 | 4 | |a 343.73082 |b ME-S |
| 100 | 1 | |a Meyerowitz, Steven A., |d 1955- | |
| 245 | 0 | 3 | |a An ounce of prevention : |b marketing, sales, and advertising law for non-lawyers / |c Steven A. Meyerowitz ; foreword by Bob Donath. |
| 260 | |a Detroit : |b Visible Ink, |c 1994. | ||
| 300 | |a xxvi, 507 p. ; |c 23.5cm. | ||
| 520 | 3 | |a Advertising. Sales people. Legal restrictions on marketing. Customer relations. Especially for marketing executives. | |
| 630 | 0 | 4 | |a Marketing. |
| 630 | 0 | 4 | |a Law. |
| 630 | 0 | 4 | |a United States. |
| 630 | 0 | 4 | |a Law and legislation. |
| 630 | 0 | 4 | |a Advertising laws. |
| 650 | 0 | 4 | |a Marketing |x Law and legislation |z United States. |
| 650 | 0 | 4 | |a Advertising laws |z United States. |
| 650 | 0 | 4 | |a Sales |z United States. |
| 650 | 0 | 4 | |a Business law |z United States. |
| OWN | |a DUT | ||
| 999 | |a From the UDN01 | ||
| TYP | |a Monograph | ||
| TYP | |a Printed language | ||
| 980 | |a Mạng thư viện Đại học Đà Nẵng | ||


